GUESS THE BILLIE EILISH SONG BY LYRICS - Statistics

General Stats
  • This quiz has been taken 61 times
  • The average score is 186 of 276
Answer Stats
Answer: % Correct
I
98%
a
96%
the
93%
you
93%
You
93%
love
91%
me
87%
your
87%
do
84%
Do
84%
and
82%
And
82%
my
82%
to
82%
of
80%
in
78%
it
78%
be
76%
her
76%
all
73%
All
73%
don't
73%
I'm
73%
but
71%
But
71%
on
71%
she
71%
She
71%
was
71%
who
69%
know
67%
no
67%
should
67%
time
67%
could
64%
go
64%
Like
64%
like
64%
see
64%
so
64%
So
64%
that
64%
crying
62%
there
62%
us
62%
Did
60%
fall
60%
girl
60%
hold
60%
made
60%
need
60%
out
60%
back
58%
fever
58%
mind
58%
Things
58%
things
58%
alive
56%
burning
56%
closer
56%
July
56%
Only
56%
shoulder
56%
world
56%
apart
53%
heart
53%
say
53%
showed
53%
until
53%
both
51%
breaks
51%
cross
51%
fell
51%
good
51%
line
51%
put
51%
remind
51%
wasn't
51%
behind
49%
let
49%
Cause
47%
didn't
47%
how
47%
just
47%
one
47%
sign
47%
every
44%
eyes
44%
felt
44%
free
44%
mean
44%
myself
44%
couldn't
42%
different
42%
from
42%
Happy
42%
last
42%
more
42%
never
42%
shouldn't
42%
Well
42%
well
42%
day
40%
hotel
40%
hurt
40%
I'd
40%
leather
40%
life
40%
Valentine's
40%
wonder
40%
ask
38%
fast
38%
kept
38%
knows
38%
touch
38%
better
36%
moves
36%
Wanna
33%
baby
31%
Feels
18%
No matching quizzes found
Score Distribution
Percent of People with Each Score
Percentile by Number Answered
Your Score History
You have not taken this quiz